000 00519nam a2200217 a 4500
999 _c11785
_d11785
001 11785
003 BD-JhCC
005 20201014135803.0
008 201014s2014 ii a|||| |||| 000 0 eng d
020 _a9788187107521
035 _a(BD-JhCC)11785
040 _aBD-JhCC
_dBD-JhCC
041 _aeng
082 _a823.8208
_bANI 2018
245 _a365 animal tales /
260 _aIndia :
_bOM KIDZ,
_c2017.
300 _a231,
_billus. ;
490 _a365
650 _aChildren's stories, English
942 _2ddc
_cBK